00266nam a2200109Ia 4500100003700000654001300037245003900050260002600089082002100115300000800136546001200144 aRoberts/ Simon/ Heller/ Philips  aComputer aJava 2 Certification Study Guide bBPB PubaMumbaic1999 a005.133'J'bROB/ a885 aENGLISH